| 000 | 00487nam a22001937a 4500 | ||
|---|---|---|---|
| 003 | MPLRDC | ||
| 005 | 20220104125007.0 | ||
| 008 | 210129b ||||| |||| 00| 0 eng d | ||
| 020 | _a957-8526-76-8 | ||
| 082 | _a592.093 PYH | ||
| 100 | _a普颖华编著 | ||
| 245 |
_a吴子兵法 _c |
||
| 250 | _a初版 | ||
| 260 |
_a台湾 _b昭文社 _c1997 |
||
| 300 | _b310 | ||
| 490 | _a历代名人计谋文库. 12 | ||
| 650 | _a兵法; 作战法--吴子兵法 | ||
| 942 |
_cBK _o592.093 PYH |
||
| 999 |
_c23789 _d23779 |
||